00614nam a22002177a 450000500170000001000130001702000220003003500130005203700160006504000120008108200110009310000260010424501010013026000380023127000600026930000230032965000160035265000190036870000030038770000060039020170124110111.0 aA-728418 c00.00a8171547850 aA-728418 bCen Lib/Ret aDPLbEN aSbKUL aKulkarni, Ramakant S. aThe diary of Balasaheb Shahstri :cby Ramakant S. Kulkarni bunusual stories of an unusual cop / aBombay bPolular prakashan c1994 bBombay a35-C, Pandit madan mohan malaviya marge400034 aix,178p.c19cm(Hb) aLiterature  aShort stories   a